While My Guitar Gently Weeps - The Beatles (All Lyrics) - Statistics

General Stats
  • This quiz has been taken 168 times
  • The average score is 113 of 131
Answer Stats
Lyrics % Correct
I
100%
why
100%
gently
99%
guitar
99%
my
99%
we
99%
weeps
99%
while
99%
you
98%
at
97%
the
97%
look
96%
see
94%
no
93%
to
93%
and
92%
know
92%
don't
91%
love
90%
all,
88%
all
88%
still
85%
how
84%
told
82%
it
81%
nobody
80%
sleeping
80%
your
80%
that's
77%
were
75%
it's
72%
world,
72%
needs
71%
sweeping
71%
there
70%
floor,
69%
they
69%
turning
69%
perverted
67%
unfold
66%
bought
64%
sold
64%
too
64%
one
60%
notice
59%
be
56%
controlled
56%
someone
56%
diverted
51%
mistake,
51%
alerted
50%
every
48%
learning
48%
must
48%
surely
46%
witth
45%
inverted
42%
looked
22%
No matching quizzes found
Score Distribution
Percent of People with Each Score
Percentile by Number Answered
Your Score History
You have not taken this quiz